Vivir sin violencia : (Record no. 95814)

MARC details
000 -CABECERA
campo de control de longitud fija 00710nam a2200229 a 4500
005 - FECHA Y HORA DE LA ÚLTIMA TRANSACCIÓN
campo de control 20240925070127.0
008 - ELEMENTOS DE LONGITUD FIJA--INFORMACIÓN GENERAL
campo de control de longitud fija 030407s2002 mx r 000 0 spa d
020 ## - NÚMERO INTERNACIONAL NORMALIZADO PARA LIBROS
Número Internacional Estándar del Libro 8436816420
035 ## - NÚMERO DE CONTROL DEL SISTEMA
Número de control de sistema UPN01000123635
049 ## - COLECCIÓN
Colección CG
050 #4 - SIGNATURA TOPOGRÁFICA DE LA BIBLIOTECA DEL CONGRESO
Número de clasificación BF575 A3
Número de documento/Ítem E2.8
100 1# - ASIENTO PRINCIPAL--NOMBRE PERSONAL
Nombre de persona Echeburúa, Enrique
245 10 - MENCIÓN DE TÍTULO
Título Vivir sin violencia :
Resto del título aprender un nuevo estilo de vida /
Mención de responsabilidad, etc. Enrique Echeburúa, Pedro J. Amor, Javier Fernández-Montalvo.
260 ## - PUBLICACIÓN, DISTRIBUCIÓN, ETC.
Lugar de publicación, distribución, etc. Madrid :
Nombre del editor, distribuidor, etc. Pirámide,
Fecha de publicación, distribución, etc. c2002.
300 ## - DESCRIPCIÓN FÍSICA
Extensión 179 p.
440 #0 - MENCIÓN DE SERIE/ASIENTO SECUNDARIO--TÍTULO
Título Psicología
650 #4 - ASIENTO SECUNDARIO DE MATERIA - TERMINO TEMATICO
Término de materia o nombre geográfico como elemento de entrada Agresividad (Psicología)
9 (RLIN) 2250
650 #4 - ASIENTO SECUNDARIO DE MATERIA - TERMINO TEMATICO
Término de materia o nombre geográfico como elemento de entrada Violencia
9 (RLIN) 7151
700 1# - ASIENTO SECUNDARIO--NOMBRE DE PERSONAL
Nombre de persona Amor, Pedro J.,
Término indicativo de función/relación coaut.
700 1# - ASIENTO SECUNDARIO--NOMBRE DE PERSONAL
Nombre de persona Fernández-Montalvo, Javier,
Término indicativo de función/relación coaut.
905 ## - TIPO DE MATERIAL
Tipo de material Libro
Holdings
Estado de retiro Estado de pérdida Fuente del sistema de clasificación o colocación Estado dañado No para préstamo Código de colección Localización permanente Ubicación/localización actual Ubicación en estantería Total de préstamos Clasificación Código de barras Fecha visto por última vez Número de copia Tipo de ítem Koha
    Library of Congress Classification     Colección General Bib. Gregorio Torres Quintero Bib. Gregorio Torres Quintero Planta baja 33 BF575 A3 E2.8 211511 31/12/2020 1 Libro